The Edgar Allan Poe scrapbook
Αποθηκεύτηκε σε:
| Κύριος συγγραφέας: | |
|---|---|
| Μορφή: | Βιβλίο |
| Γλώσσα: | Undetermined |
| Έκδοση: |
New York, Estados Unidos
Schocken Books
1978
|
| Θέματα: | |
| Ετικέτες: |
Προσθήκη ετικέτας
Δεν υπάρχουν, Καταχωρήστε ετικέτα πρώτοι!
|
MARC
| LEADER | 00000nam a2200000Ia 4500 | ||
|---|---|---|---|
| 008 | 170316s9999 xx 000 0 und d | ||
| 040 | |a cru BVZT | ||
| 090 | |a C-810 B-2e | ||
| 100 | |a Bloch, Robert | ||
| 245 | 4 | |a The Edgar Allan Poe scrapbook | |
| 260 | |a New York, Estados Unidos | ||
| 260 | |b Schocken Books | ||
| 260 | |c 1978 | ||
| 300 | |a 144 páginas | ||
| 650 | |a LITERATURA ESTADOUNIDENSE | ||
| 650 | |a CRÍTICA | ||
| 999 | |c 12831 |d 12831 | ||
| 942 | |c 15 D |h C-810 B-2e |2 z | ||
